00519nam a22001817a 450000500170000001000130001702000230003003500130005303700160006608200180008210000210010024500580012126000450017927000470022430000240027165000220029565000200031720170124110134.0 aB-061283 c295.00a8120317459 aB-061283 bCen Lib/Ret a621.3815bKUM aKumar, A. Anand  aFundamental of digital circuits /cby A. Anand Kumar  aNew DelhibPrentice hall of India c2002 bNew DelhiaM-97, Connaught circus e110015 axiv,664p.c22cm(Hb) aDigital circuits  aAnalog syastem